| 000 | 01162cam a22002174a 4500 | ||
|---|---|---|---|
| 005 | 20250605164045.0 | ||
| 008 | 250528s ||||||||||||||||||||||||d | ||
| 035 | _a17099 | ||
| 020 | _a471615188 | ||
| 040 |
_aGR-AtMCL _bgre _dGR-AtMCL _eAACR2 |
||
| 245 | 1 | _aIntroductory Statistics / Fifth Edition | |
| 250 | _a5th | ||
| 260 |
_bJohn Wiley & Sons, _c1990 |
||
| 300 | _a720 | ||
| 520 | _aBasic Probability and Statistics, The Nature of Statistics, Descriptive Statistics, Probability, Probability Distributions, Two Random Variables, Inference for Means and Proportions, Sampling, Point Estimation, Confidence Intervals, Hypothesis Testing, Analysis of Variance (ANOVA), Regression: Relating Two or More Variables, Fitting a Line, Simple Regression, Multiple Regression, Regression Extensions, Correlation, Topics in Classical and Bayesian Inference, Nonparametric and Robust Statistics, Chi-Square Tests, Maximum Likehood Estimation, Bayesian Inference, Bayesian Decision Theory, Appendixes, Tables, References, Index. | ||
| 700 | 1 |
_aWonnacott Ronald J _93239 |
|
| 700 | 1 |
_aWonnacott Thomas H _93240 |
|
| 942 | _cBK | ||
| 999 |
_c2539 _d2539 |
||